000 01957cam a22004934i 4500
003 PE-LiUPU
005 20250731172809.0
008 150617s r 000 0 d
020 _a8430108777
035 _a(Sirsi) i9788430108770
040 _aPE-LiUPU
_bspa
_cPE-LiUPU
_erda
049 _aPRUA
082 0 4 _a232.5
_bV63
_221
100 1 _aVidal, Senén
_b1941- ,
_eautor.
245 1 3 _aLa resurrección de Jesús en las cartas de Pablo :
_bAnálisis de las tradiciones /
_cSenén Vidal.
264 1 _aSalamanca :
_bSígueme,
_c1982.
300 _a337 páginas ;
_c21 centímetros
336 _atext
_2rdacontent
337 _aunmediated
_2rdamedia
338 _avolume
_2rdacarrier
490 0 _aBiblioteca de Estudios Bíblicos ;
_v50
504 _aIncluye bibliografía.
505 0 _aLa fórmula de alabanza. La antigua pascual -- Las fórmulas de fe narrativas. La fórmula teológica. La fórmula cristológica. El sumario de fe: 1 Cor 15,3b-5. La fórmula de Rom 4,25 -- La fórmula de fe personal. El esquema sobre el hijo de Dios: Rom 1,3-4 -- Los motivos. El esquema "padecimientos - gloria". La tradición de la "fórmula de muerte".
526 _aSEG42
526 _aSEG41
526 _aSEG40
526 _aSEG39
526 _aP94
526 _aP87
526 _aP86
526 _aP85
526 _aP77
526 _aP76
526 _aP35
630 _aBiblia
_pN.T.
_pEpístolas de Pablo
_xCrítica e interpretación.
650 0 4 _aResurrección de Jesús.
910 _ajck
_bjvq
_cjck
_d20150616
942 _2ddc
_cBOOK
949 _a232.5 V63
_wDEWEY
_c1
_i22788
_lCCODEBUL1
_mBUL
_r0
_sY
_tBOOK
_u2015-6-17
_xTEOLOGIA
_PP35
_0COMPRA
_o.STAFF. Colección General
994 _aC0
_bPEPRU
596 _a1
999 _a232.5 V63
_wDEWEY
_c3839
_i22788
_f2021-11-10
_g5
_lCCODEBUL1
_mBUL
_r0
_sY
_tBOOK
_u2015-6-17
_xTEOLOGIA
_PP35
_0COMPRA
_o.STAFF. Colección General
_d3839
980 _81
_gALBERTO SANCHEZ Responsable de Automatización